000 00772nam a2200217Ia 4500
999 _c50543
_d50543
001 17492
003 GE_BSU
005 20200217171935.0
008 181216s2009||||enk|||||||||||||| ||eng||
020 _a9786130274467
040 _cGE_BSU
080 _a639+639.6 M-70
100 _aMiller, Frederic P.
_97122
245 _aFish Farming:
_b Aquaculture, Mariculture, Recreational fishing, Hatchery, Salmon, Carp, Tilapia, Catfish, Cod, Commercial fishing, Market, Demand (economics), Overfishing, Wild fisheries, Protein /
_cFrederic P. Miller.
264 _c2009.
300 _a151 p.
_b30 cm.
653 _aთევზის მეურნეობა
653 _aაკვაკულტურა
653 _aმებაღეობა
942 _cBK
_2udc